01220caa a22002052a 4500001000900000003001100009008004300020092001600063100002200079245010500101300002100206500012900227942000900356773012600365773012600491773012600617773012700743773012700870999001700997 007343 AR-FADEU 311216n########xxu####################dd a321.8bP963 aBergalli, Roberto aIndependencia, autogobierno y asociacionismo de los jueces : por una práctica judicial alternativa aT. 1, pp. 69-101 aEn: Proceso, crisis y transición democrática /comp. Oscar Oszlak. Buenos Aires : Centro Editor de América Latina, 1984 cBDGR0 013152911898abdBuenos Aireso2175tPROCESO, crisis y transición democráticaw( AR-FADEU) 007338xz950-25-0044-X0 013152911899abdBuenos Aireso2186tPROCESO, crisis y transición democráticaw( AR-FADEU) 007338xz950-25-0044-X0 013152911900abdBuenos Aireso4230tPROCESO, crisis y transición democráticaw( AR-FADEU) 007338xz950-25-0044-X0 026719925774abdBuenos Aireso18296tPROCESO, crisis y transición democráticaw( AR-FADEU) 021001xz950-25-0044-X0 026719925775abdBuenos Aireso18297tPROCESO, crisis y transición democráticaw( AR-FADEU) 021001xz950-25-0044-X c13157d13157